[Event "Katowice Silesia 100th Ann op"]
[Site "Katowice"]
[Date "2024.04.27"]
[Round "1"]
[White "Kupiecki, Szymon"]
[Black "Volokitin, Andrei"]
[Result "0-1"]
[WhiteElo "1816"]
[BlackElo "2674"]
[PlyCount "68"]
[EventDate "2024.04.27"]
[EventType "swiss (rapid)"]
[EventRounds "11"]
[EventCountry "POL"]
[SourceTitle "CBM 220 Extra"]
[Source "ChessBase"]
[SourceDate "2024.07.31"]
[SourceVersion "1"]
[SourceVersionDate "2024.07.31"]
[SourceQuality "1"]

1. e4 c5 2. Nf3 d6 3. d4 cxd4 4. Nxd4 Nf6 5. Nc3 a6 6. Bc4 e6 7. Bb3 Nbd7 8. 0-0 Nc5 9. Re1 Be7 10. f4 0-0 11. e5 dxe5 12. fxe5 Nxb3 13. axb3 Bc5 14. Be3 Nd5 15. Nxd5 Qxd5 16. Nf3 Bxe3+ 17. Rxe3 Qc5 18. Qe2 b5 19. Kh1 Bb7 20. Rc3 Qb6 21. Ng5 h6 22. Ne4 Bxe4 23. Qxe4 Rac8 24. Rxc8 Rxc8 25. Rd1 Qf2 26. c4 Qxb2 27. Rb1 Qc3 28. cxb5 Qc1+ 29. Qe1 Qxe1+ 30. Rxe1 axb5 31. Kg1 Rc3 32. Rb1 Re3 33. Kf2 Rxe5 34. Rc1 g5 0-1

[Event "POL-chT U20 2nd League"]
[Site "Szczyrk"]
[Date "2017.07.30"]
[Round "11.49"]
[White "Miasik, Adrian"]
[Black "Kupiecki, Szymon"]
[Result "1-0"]
[WhiteElo "1938"]
[BlackElo "1732"]
[PlyCount "57"]
[EventDate "2017.07.22"]
[EventType "team-swiss"]
[EventRounds "11"]
[EventCountry "POL"]
[SourceTitle "EXT 2019"]
[Source "ChessBase"]
[SourceDate "2018.10.10"]
[SourceVersion "1"]
[SourceVersionDate "2018.10.10"]
[SourceQuality "1"]

1. d4 Nf6 2. Nf3 g6 3. c4 Bg7 4. Nc3 0-0 5. e4 d6 6. Be2 Nbd7 7. 0-0 e5 8. Be3 Re8 9. Qc2 Nh5 10. Rfd1 Nf4 11. Bf1 g5 12. g3 g4 13. Nh4 Ng6 14. Nf5 Bh8 15. d5 Nf6 16. Bg5 Ne7 17. Nh6+ Kf8 18. Be2 Neg8 19. Nxg4 Qd7 20. Nxf6 Nxf6 21. c5 Qh3 22. Bxf6 Bxf6 23. Nb5 Bd8 24. cxd6 cxd6 25. Nxd6 Re7 26. Qd2 Rd7 27. Nf5 Rc7 28. d6 Rc5 29. d7 1-0

[Event "POL-chT U20 2nd League"]
[Site "Szczyrk"]
[Date "2017.07.25"]
[Round "5.32"]
[White "Kupiecki, Szymon"]
[Black "Leskiewicz, Ignacy"]
[Result "1/2-1/2"]
[WhiteElo "1732"]
[BlackElo "1988"]
[PlyCount "110"]
[EventDate "2017.07.22"]
[EventType "team-swiss"]
[EventRounds "11"]
[EventCountry "POL"]
[SourceTitle "EXT 2019"]
[Source "ChessBase"]
[SourceDate "2018.10.10"]
[SourceVersion "1"]
[SourceVersionDate "2018.10.10"]
[SourceQuality "1"]

1. e4 c5 2. Nf3 d6 3. d4 cxd4 4. Nxd4 Nf6 5. Nc3 a6 6. Bc4 e6 7. Bb3 b5 8. 0-0 Nbd7 9. Re1 Nc5 10. Bg5 Bb7 11. f3 Be7 12. Kh1 0-0 13. Be3 Qc7 14. Nde2 b4 15. Na4 Rfd8 16. Ng3 d5 17. Bxc5 Bxc5 18. Nxc5 Qxc5 19. exd5 Nxd5 20. Ne4 Qc7 21. Qe2 a5 22. a4 Ba6 23. Qf2 Rac8 24. Qg3 Qxg3 25. hxg3 g6 26. Rad1 Kg7 27. Rd4 Nb6 28. Nd6 Rb8 29. Red1 Nd5 30. Ne4 Rbc8 31. R1d2 h6 32. c4 bxc3 33. Nxc3 Rb8 34. Bxd5 exd5 35. Nxd5 Rb3 36. Nc7 Rxd4 37. Rxd4 Bb7 38. Ne8+ Kf8 39. Nd6 Bc6 40. Rc4 Bd7 41. Rc5 Rxb2 42. Rxa5 Ke7 43. Ne4 Ra2 44. Ra7 Rc2 45. a5 f5 46. Nf6 Kxf6 47. Rxd7 Ra2 48. Ra7 Ra1+ 49. Kh2 Kg5 50. a6 Kh5 51. Ra8 Kg5 52. a7 Kh5 53. f4 Ra3 54. Kh3 Ra2 55. Kh2 Ra3 1/2-1/2

[Event "POL-chT U19 2nd League"]
[Site "Iwonicz"]
[Date "2016.07.31"]
[Round "11.38"]
[White "Karykowska, Anna"]
[Black "Kupiecki, Szymon"]
[Result "1-0"]
[WhiteElo "1818"]
[BlackElo "1432"]
[PlyCount "135"]
[EventDate "2016.07.23"]
[EventType "team-swiss"]
[EventRounds "11"]
[EventCountry "POL"]
[SourceTitle "EXT 2019"]
[Source "ChessBase"]
[SourceDate "2018.10.10"]
[SourceVersion "1"]
[SourceVersionDate "2018.10.10"]
[SourceQuality "1"]
[WhiteTeam "Legnica Miedz U19"]
[BlackTeam "Tarnowskie Gory Strzybniczanka U19"]
[WhiteTeamCountry "POL"]
[BlackTeamCountry "POL"]

1. e4 c5 2. Nf3 Nc6 3. d4 cxd4 4. Nxd4 Nf6 5. Nc3 e5 6. Ndb5 d6 7. Bg5 a6 8. Na3 b5 9. Nd5 Be7 10. Bxf6 Bxf6 11. c4 b4 12. Nc2 a5 13. Qf3 Be7 14. Rd1 0-0 15. c5 f5 16. Nxe7+ Qxe7 17. cxd6 Qd7 18. Bc4+ Kh8 19. 0-0 Bb7 20. exf5 Nd4 21. Qd3 Qxd6 22. Nxd4 exd4 23. Qxd4 Qxd4 24. Rxd4 Rxf5 25. Rd7 Bc6 26. Rc7 Bd5 27. Bxd5 Rxd5 28. Rfc1 h6 29. Kf1 Kh7 30. R7c5 Rd2 31. R1c2 Rd1+ 32. Ke2 Ra1 33. b3 Rh1 34. h3 Rh2 35. Kf3 Rh1 36. Rf5 Ra1 37. h4 Kg6 38. Rfc5 Rd1 39. Ke2 Rd4 40. g3 Re8+ 41. Kf3 Rd3+ 42. Kg2 Ra8 43. Rb5 Rd4 44. Kf3 Ra7 45. Ke3 Rd1 46. Rcc5 Re7+ 47. Kf3 Rd3+ 48. Kg2 Rd2 49. h5+ Kh7 50. Rxa5 Ree2 51. Rf5 Rxa2 52. Rxa2 Rxa2 53. Rb5 Rc2 54. Rxb4 Rc5 55. g4 Rc7 56. Rb8 Rc3 57. f3 Rd3 58. b4 Rb3 59. b5 Rb4 60. b6 Rb3 61. Kf2 Rc3 62. f4 Rb3 63. g5 hxg5 64. fxg5 g6 65. Rb7+ Kg8 66. hxg6 Rb5 67. g7 Rxg5 68. Rc7 1-0

[Event "POL-chT U19 2nd League"]
[Site "Iwonicz"]
[Date "2015.08.01"]
[Round "3.27"]
[White "Kupiecki, Szymon"]
[Black "Burzak, Wojciech"]
[Result "1-0"]
[WhiteElo "1394"]
[BlackElo "1570"]
[PlyCount "94"]
[EventDate "2015.07.25"]
[EventType "team-swiss"]
[EventRounds "11"]
[EventCountry "POL"]
[SourceTitle "EXT 2019"]
[Source "ChessBase"]
[SourceDate "2018.10.10"]
[SourceVersion "1"]
[SourceVersionDate "2018.10.10"]
[SourceQuality "1"]
[WhiteTeam "Gory Strzybniczanka Tarnowskie U19"]
[BlackTeam "Gliwice Carbo U19"]
[WhiteTeamCountry "POL"]
[BlackTeamCountry "POL"]

1. e4 e5 2. Nf3 Nc6 3. Bb5 Nf6 4. d4 exd4 5. 0-0 Be7 6. Re1 0-0 7. e5 Nd5 8. Nxd4 a6 9. Ba4 Nb6 10. Bb3 Nxd4 11. Qxd4 d6 12. exd6 Qxd6 13. Qe4 Bf6 14. Bf4 Qc5 15. c3 Bg5 16. Nd2 Bf5 17. Qf3 Bxf4 18. Qxf4 Rfe8 19. Nf3 Be6 20. Bxe6 Rxe6 21. Rxe6 fxe6 22. Re1 Re8 23. Qg4 e5 24. Qf5 g6 25. Qg5 Nd7 26. Qd2 Qd6 27. Qc2 Nc5 28. b4 Nd7 29. Rd1 Qe7 30. Qe4 c6 31. Qc4+ Kg7 32. Qd3 Nf6 33. Qe2 Nd5 34. Qb2 Nf4 35. g3 e4 36. gxf4 exf3 37. Qd2 Kf7 38. Qd7 Qxd7 39. Rxd7+ Re7 40. Rd1 Kf6 41. h3 Kf5 42. Rd4 h5 43. a4 h4 44. Kf1 Re2 45. Rd3 Kxf4 46. Rd7 Re5 47. Rxb7 g5 1-0

[Event "POL-chT U19 2nd League"]
[Site "Iwonicz"]
[Date "2015.08.01"]
[Round "1.57"]
[White "Kupiecki, Szymon"]
[Black "Tustanowski, Mateusz"]
[Result "1-0"]
[WhiteElo "1394"]
[BlackElo "1777"]
[PlyCount "49"]
[EventDate "2015.07.25"]
[EventType "team-swiss"]
[EventRounds "11"]
[EventCountry "POL"]
[SourceTitle "EXT 2019"]
[Source "ChessBase"]
[SourceDate "2018.10.10"]
[SourceVersion "1"]
[SourceVersionDate "2018.10.10"]
[SourceQuality "1"]
[WhiteTeam "Gory Strzybniczanka Tarnowskie U19"]
[BlackTeam "Gliwice Politechnika Slaska U19"]
[WhiteTeamCountry "POL"]
[BlackTeamCountry "POL"]

1. e4 e5 2. Nf3 Nc6 3. Bb5 a6 4. Ba4 Nf6 5. d4 exd4 6. 0-0 Bc5 7. e5 Nd5 8. Bb3 Nde7 9. Ng5 Nxe5 10. Re1 f6 11. Rxe5 d5 12. Bxd5 fxe5 13. Bf7+ Kf8 14. Qf3 Nf5 15. Ne6+ Kxf7 16. Nxd8+ Rxd8 17. g4 e4 18. Qxe4 Ne7 19. Bg5 c6 20. Nd2 d3 21. Bxe7 Bxe7 22. Re1 Bf6 23. Nc4 d2 24. Nd6+ Kf8 25. Qe8+ 1-0

[Event "POL-chT U19 2nd League"]
[Site "Iwonicz"]
[Date "2015.08.01"]
[Round "10.56"]
[White "Kupiecki, Szymon"]
[Black "Wolczyk, Karol"]
[Result "1-0"]
[WhiteElo "1394"]
[BlackElo "1673"]
[PlyCount "134"]
[EventDate "2015.07.25"]
[EventType "team-swiss"]
[EventRounds "11"]
[EventCountry "POL"]
[SourceTitle "EXT 2019"]
[Source "ChessBase"]
[SourceDate "2018.10.10"]
[SourceVersion "1"]
[SourceVersionDate "2018.10.10"]
[SourceQuality "1"]
[WhiteTeam "Gory Strzybniczanka Tarnowskie U19"]
[BlackTeam "Tomaszow Lubelski UKS GIM Dwojka U19"]
[WhiteTeamCountry "POL"]
[BlackTeamCountry "POL"]

1. e4 e5 2. Nf3 Nc6 3. Bb5 Bc5 4. 0-0 Nd4 5. Nxd4 exd4 6. d3 c6 7. Bc4 d5 8. exd5 cxd5 9. Bb3 Ne7 10. Qf3 0-0 11. Bg5 f6 12. Bf4 Kh8 13. Nd2 a5 14. a4 b6 15. Rfe1 Bb7 16. Re2 Qd7 17. Bg3 Nf5 18. Rae1 Nxg3 19. Qxg3 b5 20. axb5 Qxb5 21. Rb1 a4 22. Ba2 Rae8 23. Rxe8 Rxe8 24. Kf1 Qb4 25. Nf3 Ba6 26. Qc7 Bd6 27. Qc6 Bb5 28. Qxd5 Be5 29. Qf7 Qc5 30. Bc4 Rf8 31. Qd5 Qxd5 32. Bxd5 Rc8 33. Ne1 Rc5 34. Be6 Ba6 35. Bd7 Bb5 36. Bxb5 Rxb5 37. Ra1 Ra5 38. g3 f5 39. Nf3 Bf6 40. Nd2 Be7 41. Nb3 Ra8 42. Nxd4 g6 43. Nb5 Bf6 44. d4 Ra5 45. c4 Be7 46. Nc3 Bf6 47. Rxa4 Rxa4 48. Nxa4 Bxd4 49. f4 Kg8 50. b4 Kf8 51. Nc5 Ke7 52. Nd3 Kd6 53. Kg2 Bc3 54. Kf3 h5 55. Kg2 Ke6 56. Kh3 Bd4 57. Ne5 Kf6 58. c5 Kg7 59. c6 Bb6 60. b5 Bd8 61. Nd7 Kf7 62. b6 Ke7 63. c7 Bxc7 64. bxc7 Kxd7 65. Kh4 Kxc7 66. Kg5 Kd6 67. Kxg6 Kd5 1-0